| 000 | 00813nam a2200289 a 4500 | ||
|---|---|---|---|
| 001 | 000000331 | ||
| 003 | 000000331 | ||
| 005 | 20170928133112.0 | ||
| 008 | 081127s2008 dr a 000 0 spa d | ||
| 020 | _a978994506870 | ||
| 040 |
_aBPMSU _bspa _cBPMSU |
||
| 082 | 4 |
_a863.3 _bL431t |
|
| 245 | 0 | 0 | _aLazarillo de Tormes. |
| 250 | _aEd. íntegra | ||
| 260 |
_aSanto Domingo : _bSantuario, _c2008. |
||
| 300 |
_a85 p. _bil. _c21 cm. |
||
| 490 | 1 | _aSantuario infantil | |
| 505 | 0 | _tTratado primero. Cuenta Lázaro su vida, y de cuyo hijo fué -- | |
| 650 | 4 | _aNOVELA ESPAÑOLA | |
| 650 | 4 | _aLITERATURA PICARESCA | |
| 650 | 4 | _aLITERATURA ESPAÑOLA | |
| 830 | _lSantuario infantil | ||
| 910 | _a | ||
| 942 |
_2ddc _cBK |
||
| 945 | _aInventariado /2017 VM | ||
| 956 |
_aVMATEO _b10 _c20111004 _lBPMSU _h0069 |
||
| 999 |
_c7097 _d7097 |
||